Vocaloid Character Items - Statistics

General Stats
  • This quiz has been taken 398 times
  • The average score is 6 of 8
Answer Stats
Vocaloid Item % Correct
Hatsune Miku Leek
93%
Kagamine Len Banana
90%
Kagamine Rin Orange
89%
KAITO Ice-Cream
77%
Megurine Luka Tuna
66%
Gumi Carrot
63%
Kamui Gakupo Eggplant
58%
MEIKO Sake
45%
No matching quizzes found
Score Distribution
Percent of People with Each Score
Percentile by Number Answered
Your Score History
You have not taken this quiz